Cretaceous ammonites from the lower part of the Matanuska formation, southern Alaska, (Record no. 30259)
[ view plain ]
| 000 -LEADER | |
|---|---|
| fixed length control field | 00916cam a2200265 4500 |
| 001 - CONTROL NUMBER | |
| control field | gs 66000286 |
| 003 - CONTROL NUMBER IDENTIFIER | |
| control field | DLC |
| 005 - DATE AND TIME OF LATEST TRANSACTION | |
| control field | 20260227111419.0 |
| 008 - FIXED-LENGTH DATA ELEMENTS--GENERAL INFORMATION | |
| fixed length control field | 690723s1967 dcuab b 00010 eng c |
| 010 ## - LIBRARY OF CONGRESS CONTROL NUMBER | |
| LC control number | gs 66000286 //r85 |
| 040 ## - CATALOGING SOURCE | |
| Original cataloging agency | U.S. Geol. Survey. Library |
| 050 0# - LIBRARY OF CONGRESS CALL NUMBER | |
| Classification number | QE75 |
| Item number | .P9 no. 547 |
| 051 ## - LIBRARY OF CONGRESS COPY, ISSUE, OFFPRINT STATEMENT | |
| Classification number | QE807.A5 |
| Item number | J63 |
| Copy information | Copy 2. |
| 082 ## - DEWEY DECIMAL CLASSIFICATION NUMBER | |
| Classification number | 564/.53 |
| 100 10 - MAIN ENTRY--PERSONAL NAME | |
| Personal name | Jones, David Lawrence, |
| Dates associated with a name | 1930- |
| 245 10 - TITLE STATEMENT | |
| Title | Cretaceous ammonites from the lower part of the Matanuska formation, southern Alaska, |
| Statement of responsibility, etc. | by David L. Jones. |
| 260 0# - PUBLICATION, DISTRIBUTION, ETC. | |
| Place of publication, distribution, etc. | Washington, |
| Name of publisher, distributor, etc. | U.S. Govt. Print. Off., |
| Date of publication, distribution, etc. | 1967. |
| 300 ## - PHYSICAL DESCRIPTION | |
| Extent | iv, 49 p. |
| Other physical details | illus., 2 maps (1 fold. in pocket) |
| Dimensions | 29 cm. |
| 490 1# - SERIES STATEMENT | |
| Series statement | Geological Survey professional paper 547 |
| 504 ## - BIBLIOGRAPHY, ETC. NOTE | |
| Bibliography, etc. note | Bibliography: p. 44-46. |
| 650 #0 - SUBJECT ADDED ENTRY--TOPICAL TERM | |
| Topical term or geographic name entry element | Ammonoidea. |
| 650 #0 - SUBJECT ADDED ENTRY--TOPICAL TERM | |
| Topical term or geographic name entry element | Paleontology |
| Geographic subdivision | Alaska. |
| 650 #0 - SUBJECT ADDED ENTRY--TOPICAL TERM | |
| Topical term or geographic name entry element | Paleontology |
| Chronological subdivision | Cretaceous. |
| 830 #0 - SERIES ADDED ENTRY--UNIFORM TITLE | |
| Uniform title | Geological Survey professional paper ; |
| Volume/sequential designation | 547. |
No items available.